Countries of North America - Speed Test - Statistics

General Stats
  • This quiz has been taken 78 times
  • The average score is 11 of 23
Answers on the Map
Answers color-coded by a green-red scale on the quiz's map according to % correct below.
 
Answer Stats
Country % Correct
Mexico
68%
Canada
63%
Cuba
63%
Bahamas
55%
Panama
55%
Haiti
53%
Honduras
53%
United States
53%
Costa Rica
50%
Dominican Republic
50%
Guatemala
50%
Jamaica
50%
Nicaragua
50%
Antigua and Barbuda
48%
Belize
48%
Trinidad and Tobago
45%
Grenada
43%
Saint Lucia
43%
Saint Kitts andNevis
40%
Barbados
38%
El Salvador
38%
Dominica
35%
Saint Vincent and theGrenadines
35%
No matching quizzes found
Score Distribution
Percent of People with Each Score
Percentile by Number Answered
Your Score History
You have not taken this quiz